000
00238nam a22001217a 4500
003
SGT
082
_a
823
_b
NAR
100
_a
NARAYAN R.K
245
_a
THE GUIDE
260
_a
USA
_b
PENGUIN PUB
_c
2006
300
_a
196
942
_2
ddc
_c
BK
999
_c
33991
_d
33991